000 00828nas a2200241 i 4500
003 DO-SdBNP
005 20260515110844.0
007 ta
008 260515e1958 dr mn|p|r||||||0| | spa d
040 _aDO-SdBNP
_bspa
_cBNPHU
_erda
041 _aspa
245 _aPanorama : de la actualidad hispánico dominicano.
264 _aSanto Domingo, Republica Dominicana :
_b[editor no identificado],
_c1958.
300 _avolumen :
_bilustraciones, fotografías, tablas ;
_c30 cm.
310 _amensual.
336 _atexto
_btxt
_2rdacontent
337 _asin mediación
_bn
_2rdamedia
338 _avolumen
_bnc
_2rdacarrier
362 _aNumero 224, enero 1958.
500 _aCatalogación basada en Numero 224, enero 1958.
650 0 _aVariedades
_vPublicaciones periódicas
_989561
_zRepública Dominicana
942 _2ddc
_cISSUE
999 _c60755
_d60755